Online
Catalog

Jorge Pineda: (Record no. 44280)

MARC details
000 -CABECERA
campo de control de longitud fija 01686nam a2200349 i 4500
001 - NÚMERO DE CONTROL
campo de control 000044791
003 - IDENTIFICADOR DEL NÚMERO DE CONTROL
campo de control DO-SdBNP
005 - FECHA Y HORA DE LA ÚLTIMA TRANSACCIÓN
campo de control 20231222112026.0
006 - CÓDIGOS DE INFORMACIÓN DE LONGITUD FIJA--CARACTERÍSTICAS DEL MATERIAL ADICIONAL
campo de control de longitud fija a||||gr|||| 00| 0
007 - CAMPO FIJO DE DESCRIPCIÓN FÍSICA--INFORMACIÓN GENERAL
campo de control de longitud fija ta
008 - DATOS DE LONGITUD FIJA--INFORMACIÓN GENERAL
campo de control de longitud fija 150112e2014 dr ac 000 0 spa d
020 ## - NÚMERO INTERNACIONAL ESTÁNDAR DEL LIBRO
Número Internacional Estándar del Libro 9789945891614
040 ## - FUENTE DE LA CATALOGACIÓN
Centro catalogador/agencia de origen DO-SdBNP
Lengua de catalogación spa
Centro/agencia transcriptor BNPHU
Normas de descripción rda
082 #4 - NÚMERO DE LA CLASIFICACIÓN DECIMAL DEWEY
Número de edición 22
Número de documento/Ítem P649a
100 1# - ENTRADA PRINCIPAL--NOMBRE DE PERSONA
Nombre de persona Pineda, Jorge
9 (RLIN) 7045
Término indicativo de función/relación autor
245 10 - MENCIÓN DE TÍTULO
Título Jorge Pineda:
Resto del título After All Tomorrow Is Another Day /
Mención de responsabilidad, etc. Jorge Pineda, Fernando Castro Flórez, Consuelo Ciscar, María Elena Ditrén, Sarah Herman, Suset Sánchez... [y otros]; editado por Orlando Isaac
264 ## - PRODUCCIÓN, PUBLICACIÓN, DISTRIBUCIÓN, FABRICACIÓN Y COPYRIGHT
Producción, publicación, distribución, fabricación y copyright Santo Domingo :
Nombre del de productor, editor, distribuidor, fabricante Ministerio de Cultura
Fecha de producción, publicación, distribución, fabricación o copyright 2014.
300 ## - DESCRIPCIÓN FÍSICA
Extensión 191 páginas, [120 láminas] :
Otras características físicas Ilustraciones, retratos ;
Dimensiones 30 cm.
Material acompañante/anejo + Anexo
336 ## - TIPO DE CONTENIDO
Fuente rdacontent
Término de tipo de contenido texto
Código de tipo de contenido txt
337 ## - TIPO DE MEDIO
Fuente rdamedia
Nombre/término del tipo de medio sin mediación
Código del tipo de medio n
338 ## - TIPO DE SOPORTE
Fuente rdacarrier
Nombre/término del tipo de soporte volumen
Código del tipo de soporte nc
500 ## - NOTA GENERAL
Nota general Contiene anexo.
505 0# - NOTA DE CONTENIDO CON FORMATO
Título Metáforas de la sociedad global
Información miscelánea Consuelo Ciscar
Título Infancia, trauma, camuflaje y otras formas de enmascaramiento
Información miscelánea Fernando Castro Flórez
Título Más allá de lo lucido: un espacio para la reflexión
Información miscelánea María Elena Ditrén
Título Entrevista. Explicando a la liebre
Información miscelánea Sarah Herman
Título Jorge Pineda, desde dentro y a solas pululando bajo la mirada de Dios y de los perros
Información miscelánea Suset Sánchez
Título Listado de obras
-- Curriculum
-- Equipo de trabajo
590 ## - NOTA LOCAL (RLIN)
Nota local Inventariado 2023 / MF
700 1# - PUNTO DE ACCESO ADICIONAL--NOMBRE DE PERSONA
Nombre de persona Castro Flóres, Fernando,
Término indicativo de función/relación autor
9 (RLIN) 4058
700 1# - PUNTO DE ACCESO ADICIONAL--NOMBRE DE PERSONA
Nombre de persona Ciscar, Consuelo
Término indicativo de función/relación autor
9 (RLIN) 72811
700 1# - PUNTO DE ACCESO ADICIONAL--NOMBRE DE PERSONA
Nombre de persona Ditrén, María Elena
Término indicativo de función/relación autor
9 (RLIN) 57565
700 1# - PUNTO DE ACCESO ADICIONAL--NOMBRE DE PERSONA
Nombre de persona Herman, Sarah
Término indicativo de función/relación autor
9 (RLIN) 72812
700 1# - PUNTO DE ACCESO ADICIONAL--NOMBRE DE PERSONA
Nombre de persona Sánchez, Suset
Término indicativo de función/relación autor
9 (RLIN) 72813
700 1# - PUNTO DE ACCESO ADICIONAL--NOMBRE DE PERSONA
Nombre de persona Isaac , Orlando
Término indicativo de función/relación ilustrador
9 (RLIN) 77680
942 ## - ELEMENTOS DE PUNTO DE ACCESO ADICIONAL (KOHA)
Fuente del sistema de clasificación o colocación Dewey Decimal Classification
Tipo de ítem Koha Libro
Holdings
Estado de retiro Estado de pérdida Fuente del sistema de clasificación o colocación Restricciones de uso No para préstamo Código de colección Localización permanente Ubicación/localización actual Ubicación en estantería Fecha de adquisición Fuente de adquisición Total de préstamos Signatura topográfica completa Código de barras Fecha visto por última vez Número de copia Precio válido a partir de Tipo de ítem Koha
    Dewey Decimal Classification Préstamo en sala   Dominicana de Servicio Biblioteca Nacional Pedro Henríquez Ureña Biblioteca Nacional Pedro Henríquez Ureña En catalogación 27.08.2014 Depósito Legal   P649a 44791-30 25.06.2020 e. 3 25.06.2020 Libro
    Dewey Decimal Classification Excluido de préstamo   Patrimonio Dominicano Biblioteca Nacional Pedro Henríquez Ureña Biblioteca Nacional Pedro Henríquez Ureña En catalogación 12.01.2015     P649a 44791-10 25.06.2020   25.06.2020 Libro
    Dewey Decimal Classification Excluido de préstamo   Patrimonio Dominicano Biblioteca Nacional Pedro Henríquez Ureña Biblioteca Nacional Pedro Henríquez Ureña En catalogación 27.08.2014 Depósito Legal   P649a 44791-20 25.06.2020 e.2 25.06.2020 Libro
    Dewey Decimal Classification Préstamo en sala   Dominicana de Servicio Biblioteca Nacional Pedro Henríquez Ureña Biblioteca Nacional Pedro Henríquez Ureña En catalogación 30.11.2017 Donado por Dr. Luciano M. P.   P649a 2023-8418 22.12.2023 e.4 22.12.2023 Libro
    Dewey Decimal Classification Excluido de préstamo   Patrimonio Dominicano Biblioteca Nacional Pedro Henríquez Ureña Biblioteca Nacional Pedro Henríquez Ureña En catalogación 27.08.2014 Depósito Legal   P649a 44791-10 Anex. 26.12.2023   26.12.2023 Libro
    Dewey Decimal Classification Excluido de préstamo   Patrimonio Dominicano Biblioteca Nacional Pedro Henríquez Ureña Biblioteca Nacional Pedro Henríquez Ureña En catalogación 26.12.2023 Depósito Legal   P649a 44791-20 Anex. 26.12.2023 e.2 26.12.2023 Libro
    Dewey Decimal Classification Préstamo en sala   Dominicana de Servicio Biblioteca Nacional Pedro Henríquez Ureña Biblioteca Nacional Pedro Henríquez Ureña En catalogación 27.08.2014 Depósito Legal   P649a 44791-30 Anex. 26.12.2023 e.3 26.12.2023 Libro

Powered by Koha